Statystyki dla Pseudonimy mercedesów

Kliknij tutaj aby rozwiązać quiz!

Ogólne statystyki

  • Ten quiz został rozwiązany 14 razy
  • Średni wynik to 6 z 13

Statystyki odpowiedzi

HintOdpowiedź% Poprawnych
W210Okular
92%
W123Beczka
83%
W140Locha
75%
W124Baleron / Klin
58%
TAXIMajonez / Budyń
58%
207D/208D/307DKaczka
50%
190 (W201)sto dziewięćdziesiątka /Baby Benz
50%
W460/461Gelenda
42%
W180Ponton / Kubuś
42%
W110Skrzydlak
25%
R113Pagoda
17%
W115Przejściówka / ósemka
17%
600 (W100)Pullman
17%

Rozkład punktacji

Percentyl według liczby udzielonych odpowiedzi

Procent ludzi z każdym wynikiem

Twoja historia wyników

Nie rozwiązałeś tego quizu